000 00930nam a2200229Ii 4500
003 JO-AjNU
008 230605s9999||||xx |||||||||||||| ||und||
017 _a2009/18014
020 _a977-379-102-1
040 _aJO-AjNU
_bara
_erda
_cJO-AjNU
041 _aara
050 1 4 _aKZ3410.M35.2010
100 3 _aمانع، جمال عبد الناصر,
_eauthor
_931994
245 0 0 _a القانون الدولي العام : المدخل والمصادر - المجال الوطني للدولة
250 _aط1
264 3 1 _aالاسكندرية :دار الفكرالجامعى،2010
300 _a890ص
_bيشتمل على ملاحق ص(813-855) ويشتمل على مراجع ببلوغرافية باللغة العربية والاجنبية ص(855-881)
336 _atext
_btxt
_2rdacontent
337 _aunmediated
_bn
_2rdamedia
338 _avolume
_bnc
_2rdacarrier
650 4 _aالقانون الدولي
_931995
999 _aA12863
_c16431
_d16431